[Event "7th Holuj Radzikowska 2017"]
[Site "Wroclaw"]
[Date "2017.12.02"]
[Round "4"]
[White "Kulon, Klaudia"]
[Black "Socko, Monika"]
[Result "0-1"]
[WhiteElo "2352"]
[BlackElo "2476"]
[Annotator "TA"]
[PlyCount "87"]
[EventDate "2017.??.??"]
[EventType "swiss"]
[EventCountry "POL"]
[SourceTitle "playchess.com"]
[Source "ChessBase"]
[SourceQuality "1"]

{[%evp 25,87,-29,-29,-29,-29,-33,-29,-37,-22,-22,-22,-19,-21,-38,-45,-108,-97,-91,-95,-154,-168,-199,-114,-126,-104,-332,-331,-370,-360,-359,-353,-407,-401,-740,-727,-740,-539,-743,-731,-689,-508,-475,-426,-426,-418,-420,-279,-255,-224,-582,-558,-704,-692,-1000,-1000,-1105,-1091,-1133,-942,-29980,-29981,-29988,-29985,-29997]} 1. e4 e6 2. d4 d5 3. e5 c5 4. c3 Qb6 5. Nf3 Nc6 6. a3 c4 7. Nbd2 Na5 8. g3 Bd7 9. h4 Ne7 10. Bh3 {C02: Französische Verteidigung (Vorstoßvariante)} h6 11. O-O (11. h5 Nc8 12. O-O Qc7 13. Ne1 Nb6 14. Qe2 O-O-O 15. Ng2 Be7 16. Rb1 Rdg8 17. f4 g6 {0-1 (43) Svidler,P (2749)-Andreikin,D (2715) Moscow 2012}) 11... O-O-O 12. Re1 Kb8 13. Rb1 Nc8 {LiveBook: 4 Partien} 14. Nf1 Be7 15. Ne3 Qc7 16. h5 $146 ({Vorgänger:} 16. Ng2 Rdg8 17. Nh2 {0-1 (48) Pokazanjev,N (2405)-Nguyen,N (2551) Moscow 2008}) 16... Nb3 17. Nd2 Nxc1 18. Qxc1 Nb6 19. Kh1 g6 20. hxg6 (20. Bg4 $15) 20... fxg6 $17 21. f4 g5 22. fxg5 ({Günstiger ist} 22. f5) 22... Bxg5 (22... hxg5 $6 23. Kg2 $15) 23. Nf3 Be8 (23... Rdf8 $19 24. Rf1 Be8) 24. Qc2 Qf7 25. Kg2 $2 {[#]} (25. Nh4 $17) 25... Qg8 $1 $19 ({Minderwertig wäre} 25... Rf8 26. Nxg5 hxg5 27. Rf1 $16) 26. Ng4 Bg6 27. Qd1 Rf8 28. a4 Be4 29. Rxe4 (29. Nf6 $142 Bxf6 30. exf6) 29... dxe4 30. Nxg5 Qxg5 31. Qe1 Nd5 32. Qxe4 Rhg8 {[#] zielt auf ...h5 ab.} 33. Rf1 Qd2+ 34. Kh1 {Sf6 wäre jetzt gut für Weiss.} Rxf1+ 35. Bxf1 Qc1 36. Qf3 Rc8 ({Nicht} 36... Qxb2 37. Nf6 $17) 37. Kh2 $2 (37. Nf6) 37... Qxb2+ 38. Bg2 Qxc3 39. Qf7 {und die Idee Sf6 ließe Weiss weiter hoffen.} Qxd4 40. Nf6 c3 41. Nd7+ Ka8 {Und weiter mit ...c2 wäre nett.} 42. Qxe6 c2 43. Bxd5 c1=Q 44. a5 {Precision: Weiß = 21%, Schwarz = 95%.} 0-1

[Event "7th Holuj Radzikowska 2017"]
[Site "Wroclaw"]
[Date "2017.12.03"]
[Round "5"]
[White "Socko, Monika"]
[Black "Mkrtchian, Lilit"]
[Result "1-0"]
[WhiteElo "2476"]
[BlackElo "2390"]
[Annotator "TA"]
[PlyCount "63"]
[EventDate "2017.??.??"]
[EventType "swiss"]
[EventCountry "POL"]
[SourceTitle "playchess.com"]
[Source "ChessBase"]
[SourceQuality "1"]

{[%evp 22,63,37,43,29,37,47,49,42,41,40,41,49,54,121,118,124,108,117,110,211,209,464,247,458,445,456,446,790,739,806,761,808,857,835,831,808,745,830,785,1241,1053,2208,2139]} 1. d4 e6 2. c4 f5 3. Nf3 Nf6 4. e3 d5 5. Bd3 c6 6. O-O Bd6 7. b3 Qe7 8. Nc3 {A84: Holländische Verteidigung} (8. Bb2 O-O 9. Ne5 Bd7 10. Nd2 Be8 11. f3 Bh5 12. Qe1 Nbd7 13. Kh1 Rad8 14. Nxd7 Nxd7 15. e4 dxe4 16. fxe4 f4 {1-0 (43) Bu,X (2710)-Wei,Y (2734) Zaozhuang 2015}) 8... Ne4 9. Ne2 Nd7 10. Bb2 O-O 11. Rc1 Qf6 12. Rc2 {LiveBook: 3 Partien} a5 $146 ({Vorgänger:} 12... Kh8 13. Qa1 Qh6 14. c5 Bc7 15. b4 g5 {1-0 (55) Grigoryan,A (2580)-Savchenko,B (2632) Bansko 2010}) 13. a4 g5 14. Qa1 Qe7 15. Ne5 Nxe5 16. dxe5 Bb4 $1 17. Bxe4 fxe4 {[#]} ({Besser ist} 17... dxe4 $14 18. Bc3 Bc5) 18. Ng3 $1 $16 {[%cal Be2g3,Bg3h5,Bh5f6][%mdl 32]} Qe8 19. Qd1 Be7 20. Nh5 Rf5 (20... Qg6 $16 21. Nf6+ Kf7) 21. cxd5 $18 cxd5 $2 (21... exd5 22. e6 Qf8) 22. Rc7 (22. Nf6+ $142 Bxf6 23. exf6) 22... Bd7 $2 (22... Qd8 {ist wohl besser.}) 23. Nf6+ {Weiß steht klar auf Gewinn.} Bxf6 24. exf6 Rb8 (24... h5 $142 25. Qd4 Kh7) 25. Qd4 {[#] Weiss droht f7+! und Matt.} Kf7 26. Rfc1 h5 27. Qa7 Rd8 28. Rxb7 d4 29. Qxd4 e5 30. Qxe4 Kxf6 31. h3 h4 32. f4 {Precision: Weiß = 84%, Schwarz = 35%.} 1-0

[Event "7th Holuj Radzikowska 2017"]
[Site "Wroclaw"]
[Date "2017.12.03"]
[Round "5"]
[White "Atalik, Ekaterina"]
[Black "Zawadzka, Jolanta"]
[Result "1-0"]
[WhiteElo "2463"]
[BlackElo "2428"]
[Annotator "TA"]
[PlyCount "73"]
[EventDate "2017.??.??"]
[EventType "swiss"]
[EventCountry "POL"]
[SourceTitle "playchess.com"]
[Source "ChessBase"]
[SourceQuality "1"]

{[%evp 18,73,6,0,0,0,35,35,35,27,31,29,30,23,35,22,35,35,35,35,46,30,40,35,71,35,57,36,31,33,39,37,39,13,13,14,41,43,56,55,114,67,83,85,165,172,379,365,371,362,602,587,29988,29989,29989,12843,12843,12840]} 1. d4 d5 2. c4 e6 3. Nc3 a6 4. cxd5 exd5 5. Nf3 Nf6 6. Bg5 {D37: Queen's Gambit Declined: 5 Bf4} Be6 7. e3 Nbd7 8. Bd3 Bd6 9. Rc1 (9. O-O O-O 10. h3 h6 11. Bf4 Qe7 12. Re1 Rfe8 13. a3 c6 {½-½ (52) Ding,L (2774)-Carlsen,M (2837) Saint Louis 2017}) 9... h6 10. Bh4 {LiveBook: 3 Games} c6 11. Bg3 Qe7 $146 ({Predecessor:} 11... Bxg3 12. hxg3 O-O 13. O-O Qc7 {½-½ (91) Guo,Q (2447)-Ju,W (2559) Yangzhou 2016}) 12. Bxd6 Qxd6 13. h3 O-O 14. O-O Rfe8 15. a3 a5 16. Nd2 Nf8 17. Na4 N6d7 18. Nf3 g6 19. Qc2 Kg7 20. Qc3 f6 21. Rfe1 (21. Qb3 {keeps more tension.} Qb8 22. Qc2 Bf7 23. g4 Rc8 24. Kh1) 21... Bf7 22. Nc5 Nxc5 23. dxc5 Qc7 24. Nd4 Ne6 25. f4 (25. Bc2 {looks sharper.} Qe7 26. Bb1 Ng5 27. Red1 Qc7 28. Bc2) 25... Nxd4 26. Qxd4 Re7 27. Rf1 {[%cal Be1f1,Bf1f3,Bf3g3][%mdl 32]} Rb8 28. Rf3 b6 ({Black should play} 28... Rf8 $14) 29. Rg3 bxc5 30. Rxc5 a4 (30... h5 $16) 31. Qxa4 $18 {Strongly threatening Bxg6!} Rxb2 $2 (31... Qd7 32. Qxc6 Qxc6 33. Rxc6 g5) 32. Rxc6 Qd7 33. Qa6 {Bxg6! is the strong threat.} g5 $2 (33... Qb7 34. Bxg6 Qxa6 35. Rxa6 Bxg6) 34. fxg5 Re6 35. gxh6+ Kxh6 {[#]} 36. Rxe6 (36. Qa8 $142 $3 {[%mdl 512]} Be8 37. Rxe6 Qxe6 38. Qa7 Bf7 39. Qd4 Kh5 40. Rg7 Bg6 41. Rxg6) 36... Bxe6 {[#]} 37. Bf5 $1 {[%mdl 512] Precision: White = 47%, Black = 25%.} 1-0

[Event "7th Holuj Radzikowska 2017"]
[Site "Wroclaw"]
[Date "2017.12.03"]
[Round "5"]
[White "Shvayger, Yuliya"]
[Black "Bulmaga, Irina"]
[Result "1-0"]
[WhiteElo "2440"]
[BlackElo "2420"]
[Annotator "TA"]
[PlyCount "161"]
[EventDate "2017.??.??"]
[EventType "swiss"]
[EventCountry "POL"]
[SourceTitle "playchess.com"]
[Source "ChessBase"]
[SourceQuality "1"]

{[%evp 9,161,0,27,37,42,25,37,37,32,38,34,34,59,0,0,0,0,0,41,30,35,25,30,-12,-10,-33,-30,-33,-28,-42,-42,-41,-28,-54,-54,-70,-61,-92,-72,-82,-42,-66,-36,-42,-8,-28,-20,-108,-132,-185,-133,-111,-67,-67,-67,-48,-6,-9,-6,-16,0,-16,0,0,0,-5,0,-16,0,-7,-10,-7,-10,-37,-8,-10,-10,-48,0,0,0,0,0,0,0,0,0,0,0,0,0,0,0,0,125,125,156,155,541,657,566,620,614,636,464,125,125,125,125,125,125,125,1524,1004,1519,1295,1464,1189,560,1249,6411,1592,1223,1247,1085,1004,475,214,5501,5281,2682,2143,1694,1252,29966,29967,29966,29967,29965,29966,29973,29974,29975,29975,29975,29976,29976,29977,29977,29978,29977,29978,29962,6211]} 1. e4 Nf6 2. Nc3 d5 3. e5 d4 4. exf6 dxc3 5. bxc3 gxf6 (5... exf6 6. Nf3 Bd6 7. Be2 O-O 8. O-O Nd7 9. Rb1 b6 10. d4 Bb7 11. c4 c5 12. d5 Re8 13. h3 Nf8 14. Nh4 {0-1 (43) Bivol,A (2356)-Goryachkina,A (2478) Sochi 2017}) 6. g3 {B02: Aljechin-Verteidigung (Jagdvariante)} Qd5 7. Qf3 Qe5+ 8. Ne2 $146 {Weiß steht etwas besser.} ({Vorgänger:} 8. Qe2 Bd7 9. Bg2 Bc6 10. Nf3 Qxe2+ 11. Kxe2 Nd7 12. Rb1 O-O-O 13. d3 {½-½ (42) Berth,M-Willberg,F Dresden 1993}) 8... Nc6 9. Bg2 {[%cal Bf1g2,Bg2e4,Be4f3][%mdl 32]} h5 10. d4 Qb5 11. Qd3 ({Lieber} 11. a4 $14 Qf5 12. Qd3) 11... Qxd3 $11 12. cxd3 Bf5 13. Be4 Bg4 14. Rb1 O-O-O 15. h3 Bd7 16. f4 f5 17. Bf3 e6 18. Be3 b6 19. h4 Ne7 20. Kf2 Nd5 21. Bxd5 exd5 22. Ng1 Ba4 23. Ke2 Re8 24. Kd2 f6 25. Nf3 Rg8 26. Bf2 Ba3 27. Ne1 c5 28. Ng2 (28. Rg1 $11) 28... cxd4 $17 29. cxd4 (29. Bxd4 $17 {kämpft weiter.} Rxg3 30. Ne3) 29... Rg7 (29... Kb7 $19 30. Ne3 Rc8) 30. Rhe1 Rxe1 31. Bxe1 Rc7 32. Ne3 Kd7 33. Ke2 Ke6 34. Bd2 Kf7 35. Be1 Kg6 36. Bd2 Kf7 37. Be1 Ke6 38. Bd2 $1 Bd7 39. Bb4 Bxb4 40. Rxb4 $11 {[%mdl 4096] Endspiel KTL-KTS} Rc1 41. Rb2 Kd6 42. Kf3 b5 43. Rc2 Rb1 44. Rc5 Be6 45. a4 bxa4 46. Ra5 Ra1 47. Ra6+ Ke7 48. Rxa7+ Kf8 49. Nc2 Ra2 50. Nb4 Ra3 51. Ke3 Bf7 (51... Ra1 $11 {hält das Gleichgewicht.}) 52. Nc2 $16 Ra2 53. Kd2 $1 Be8 $2 (53... Rb2 $16 {ist zäher.}) 54. Kc1 $1 $18 a3 55. Rxa3 Rxa3 56. Nxa3 {KL-KS} Ke7 57. Nc2 $2 (57. Kc2 $18 {bietet bessere Gewinnchancen.} Ba4+ 58. Kd2) 57... Kd6 58. Ne3 Bd7 59. Kb2 Kc6 60. Ka3 Be6 $2 {[%mdl 8192] [#]} (60... Bc8 $16 61. Kb3 Kd6) 61. Ka4 $1 {[%cal Ra4a5]} Kb6 62. Kb4 Kc6 {[#]} 63. Ka5 $1 {[%cal Ra5a4]} Bd7 64. Nc2 Kd6 65. Nb4 (65. Kb6 $142 Ba4 66. Na3) 65... Be8 66. Kb6 Ba4 67. Na6 Bc2 68. Nc5 (68. Nc7 $142 Bxd3 69. Nb5+ Kd7 70. Kc5) 68... Bd1 $2 (68... Bb1 69. Ka5 Bc2) 69. Nb7+ Kd7 70. Kc5 Ba4 71. Nd6 Ke6 72. Nb5 {Weiß setzt Matt.} Bc2 73. Nc7+ Kd7 74. Nxd5 Bxd3 75. Nxf6+ Ke6 76. Nd5 Bc2 77. Ne3 Be4 78. d5+ Kd7 79. Kd4 Kd6 80. Nc4+ Ke7 81. Ke5 {Precision: Weiß = 55%, Schwarz = 45%.} 1-0

[Event "7th Holuj Radzikowska 2017"]
[Site "Wroclaw"]
[Date "2017.12.03"]
[Round "5"]
[White "Javakhishvili, Lela"]
[Black "Kulon, Klaudia"]
[Result "1-0"]
[WhiteElo "2438"]
[BlackElo "2352"]
[Annotator "TA"]
[PlyCount "73"]
[EventDate "2017.??.??"]
[EventType "swiss"]
[EventCountry "POL"]
[SourceTitle "playchess.com"]
[Source "ChessBase"]
[SourceQuality "1"]

{[%evp 19,73,30,35,16,11,15,37,19,34,13,47,62,66,0,66,12,68,72,170,185,183,183,172,171,301,274,297,286,344,338,349,276,282,286,282,267,339,335,739,720,991,980,984,979,1290,1268,1267,1177,1352,1276,29977,29978,29977,29978,29978,29979]} 1. d4 Nf6 2. c4 Nc6 3. Nf3 e6 4. g3 Bb4+ 5. Bd2 Bxd2+ 6. Qxd2 d6 7. Bg2 O-O 8. Nc3 e5 9. O-O Bg4 10. d5 {E11: Bogo-Indian} Ne7 {LiveBook: 8 Games} 11. b4 $146 ({Predecessor:} 11. Ne1 Qd7 12. e4 Bh3 13. f4 exf4 14. gxf4 Ng6 15. f5 Bxg2 16. Nxg2 Ne5 17. b3 Kh8 {½-½ (49) Ernst,S (2595)-Van den Doel,E (2574) Netherlands 2010}) 11... a5 12. a3 {The position is equal.} Nd7 13. Rac1 h6 14. Nb5 b6 15. Ne1 Bf5 16. f4 (16. e4 $14 Bg6 17. f4) 16... Bh7 (16... exf4 $11 17. gxf4 Nf6) 17. Nd3 (17. e4 $14) 17... Bxd3 (17... exf4 $11 18. gxf4 (18. Qxf4 Ng6 $11) 18... Nf6) 18. exd3 $14 {[%cal Be2d3,Bd3d4][%mdl 32]} f5 (18... exf4 $16 {is a better defense.} 19. Rxf4 Ng6) 19. fxe5 $18 Nxe5 {[#]} 20. Nd4 $1 Qd7 21. Ne6 Rfc8 (21... Rf6 $142 22. d4 N5g6) 22. d4 Ng4 23. b5 Qe8 24. Rce1 Qf7 25. Qe2 g6 26. Bh3 Nf6 27. g4 Nh7 28. Qd2 h5 $2 {[#]} (28... g5 29. gxf5 Nf6) 29. gxh5 gxh5 30. Kh1 Kh8 31. Ng5 Qg7 32. Nxh7 Qxh7 33. Re6 f4 34. Qxf4 Rf8 35. Qxf8+ {White mates.} Rxf8 36. Rxf8+ Ng8 37. Bf5 {Precision: White = 73%, Black = 25%.} 1-0

[Event "7th Holuj Radzikowska 2017"]
[Site "Wroclaw"]
[Date "2017.12.03"]
[Round "5"]
[White "Majdan, Joanna"]
[Black "Szczepkowska, Karina"]
[Result "1-0"]
[WhiteElo "2349"]
[BlackElo "2406"]
[Annotator "NA"]
[PlyCount "73"]
[EventDate "2017.??.??"]
[EventType "swiss"]
[EventCountry "POL"]
[SourceTitle "playchess.com"]
[Source "ChessBase"]
[SourceQuality "1"]
[TimeControl "40/5400+30:1800+30"]

1. e4 {[%emt 0:00:00]} e5 {[%emt 0:00:06]} 2. Bc4 {[%emt 0:00:00]} Nc6 {[%emt 0:00:42]} 3. Nf3 {[%emt 0:00:03]} Bc5 {[%emt 0:00:18]} 4. c3 {[%emt 0:03:01]} Nf6 {[%emt 0:00:06]} 5. d3 {[%emt 0:00:05]} a6 {[%emt 0:00:05]} 6. Bb3 {[%emt 0:01:17]} Ba7 7. Nbd2 {[%emt 0:01:45]} d6 {[%emt 0:02:28]} 8. h3 {[%emt 0:00:41]} h6 {[%emt 0:01:39]} 9. Nf1 {[%emt 0:00:24]} Be6 {[%emt 0:05:02]} 10. Ng3 {[%emt 0:02:51]} Qd7 {[%emt 0:13:01]} 11. Bxe6 {[%emt 0:07:44]} fxe6 {[%emt 0:04:16]} 12. O-O {[%emt 0:02:27]} O-O {[%emt 0:05:06]} 13. d4 {[%emt 0:08:06]} Qf7 {[%emt 0:05:12]} 14. Be3 {[%emt 0:04:42]} exd4 {[%emt 0:09:46]} 15. Nxd4 {[%emt 0:04:56]} Bxd4 {[%emt 0:04:35]} 16. Bxd4 {[%emt 0:03:57]} e5 {[%emt 0:03:15]} 17. Be3 {[%emt 0:00:12]} d5 {[%emt 0:05:00]} 18. Bc5 {[%emt 0:05:41]} Rfd8 {[%emt 0:00:54]} 19. Qe2 {[%emt 0:04:41]} b6 {[%emt 0:03:05]} 20. Ba3 {[%emt 0:00:43]} d4 {[%emt 0:00:18]} 21. f4 {[%emt 0:02:40]} exf4 {[%emt 0:06:34]} 22. Rxf4 {[%emt 0:00:41]} d3 {[%emt 0:00:05]} 23. Qf1 {[%emt 0:06:40]} Qe6 {[%emt 0:05:15]} 24. Rd1 {[%emt 0:02:35]} Ne5 {[%emt 0:01:18]} 25. b3 {[%emt 0:02:11]} c5 {[%emt 0:03:32]} 26. c4 {[%emt 0:03:27]} Rf8 {[%emt 0:02:33]} 27. Bb2 {[%emt 0:02:44]} Rad8 {[%emt 0:01:06]} 28. Rd2 {[%emt 0:05:37]} b5 {[%emt 0:03:41]} 29. Qa1 {[%emt 0:06:36]} Nfd7 {[%emt 0:02:52]} 30. Rf5 {[%emt 0:03:44]} Rxf5 {[%emt 0:02:55]} 31. exf5 {[%emt 0:01:10]} Nf3+ {[%emt 0:01:31]} 32. Kf2 {[%emt 0:00:47]} Qe7 {[%emt 0:04:19]} 33. gxf3 {[%emt 0:00:58]} bxc4 {[%emt 0:00:12]} 34. Qe1 {[%emt 0:02:18]} Qg5 {[%emt 0:01:51]} 35. Qe6+ {[%emt 0:00:56]} Kh8 {[%emt 0:00:11]} 36. Ne4 {[%emt 0:00:23]} Qf4 {[%emt 0:04:04]} 37. Bxg7+ {[%emt 0:01:51]} 1-0

[Event "7th Holuj Radzikowska 2017"]
[Site "Wroclaw"]
[Date "2017.12.04"]
[Round "7"]
[White "Atalik, Ekaterina"]
[Black "Socko, Monika"]
[Result "1/2-1/2"]
[WhiteElo "2451"]
[BlackElo "2471"]
[Annotator "TA"]
[PlyCount "61"]
[EventDate "2017.??.??"]
[EventType "swiss"]
[EventCountry "POL"]
[SourceTitle "playchess.com"]
[Source "ChessBase"]
[SourceQuality "1"]

{[%evp 19,61,41,48,45,55,46,48,42,45,45,43,42,45,32,110,110,115,106,110,107,108,119,116,125,106,19,19,19,19,18,25,8,15,0,0,0,0,0,0,0,0,0,0,0]} 1. d4 Nf6 2. Nf3 e6 3. c4 b6 4. g3 Bb7 5. Bg2 c5 6. Nc3 cxd4 7. Qxd4 Nc6 8. Qf4 Be7 9. O-O O-O 10. b3 {A30: Symmetrical English: Double Fianchetto and Hedgehog} (10. Rd1 Qb8 11. e4 d6 12. b3 a6 13. Bb2 Rd8 14. Qe3 Qa7 15. Ba3 Bf8 16. h3 b5 17. Qxa7 Nxa7 18. e5 dxe5 19. Bxf8 Kxf8 20. Nxe5 Bxg2 21. Kxg2 bxc4 22. bxc4 {1-0 (61) Kasparov,G (2812)-Short,N (2698) Leuven 2011}) 10... Qb8 {LiveBook: 9 Games} 11. Qxb8 Raxb8 12. Bf4 {White is slightly better.} Rbd8 $146 13. Rfd1 d5 14. cxd5 Nxd5 15. Nxd5 exd5 16. Ne5 Bf6 (16... Nxe5 $14 17. Bxe5 Rfe8) 17. Nxc6 $1 $16 (17. Bxd5 $6 Rxd5 18. Rxd5 Nxe5 $11) ({Not} 17. Rxd5 Nxe5 18. Rxd8 Rxd8 $15) 17... Bxc6 18. Rac1 Bb5 19. Bc7 Rc8 20. Bh3 ({But not} 20. Rxd5 $6 Bxe2 21. Rd2 Ba6 $11) 20... Bxe2 {[#]} 21. Re1 $1 Rce8 {[#]} 22. Bd6 ({White should try} 22. Bd7 $1 $16) 22... Bb2 $1 $11 {[%cal Rb2c1]} 23. Bxf8 Bxc1 24. Bb4 a5 $1 25. Bxa5 bxa5 {The position is equal.} 26. Rxc1 {KRB-KRB} d4 {White must now prevent ...d3.} 27. Bf1 Kf8 28. Bxe2 Rxe2 29. Rd1 Rxa2 30. Rxd4 g6 31. Kg2 {Precision: White = 80%, Black = 82%.} 1/2-1/2

[Event "7th Holuj Radzikowska 2017"]
[Site "Wroclaw"]
[Date "2017.12.04"]
[Round "7"]
[White "Javakhishvili, Lela"]
[Black "Mkrtchian, Lilit"]
[Result "1/2-1/2"]
[WhiteElo "2449"]
[BlackElo "2376"]
[Annotator "TA"]
[PlyCount "62"]
[EventDate "2017.??.??"]
[EventType "swiss"]
[EventCountry "POL"]
[SourceTitle "playchess.com"]
[Source "ChessBase"]
[SourceQuality "1"]

{[%evp 29,62,19,18,0,7,7,8,13,8,0,10,0,35,0,0,0,0,0,0,0,0,0,0,0,0,0,0,0,0,0,0,0,0,0,0]} 1. d4 Nf6 2. c4 e6 3. Nf3 d5 4. g3 Be7 5. Bg2 O-O 6. O-O dxc4 7. Ne5 Nc6 8. Bxc6 bxc6 9. Nxc6 Qe8 10. Nxe7+ Qxe7 11. Qa4 c5 12. Qxc4 cxd4 13. Qxd4 e5 {E05: Open Catalan: 5 Nf3 Be7} 14. Qh4 Qb7 15. Nc3 Be6 {LiveBook: 3 Games} 16. Bg5 Nd5 17. Nxd5 Qxd5 18. b3 f6 19. Be3 Qb5 20. Rfe1 {[#]} Rfc8 $146 ({Predecessor:} 20... a5 21. f3 {½-½ (32) Radjabov,T (2710)-Adams,M (2761) Shamkir 2017}) 21. f3 a5 {The position is equal.} 22. Kf2 a4 23. Qe4 axb3 24. axb3 Rxa1 25. Rxa1 Qxb3 26. Rc1 Rxc1 27. Bxc1 Qd5 28. Qxd5 Bxd5 29. e4 Be6 30. f4 exf4 31. Bxf4 Kf7 1/2-1/2

[Event "7th Holuj Radzikowska 2017"]
[Site "Wroclaw"]
[Date "2017.12.04"]
[Round "7"]
[White "Shvayger, Yuliya"]
[Black "Zawadzka, Jolanta"]
[Result "0-1"]
[WhiteElo "2433"]
[BlackElo "2424"]
[Annotator "TA"]
[PlyCount "110"]
[EventDate "2017.??.??"]
[EventType "swiss"]
[EventCountry "POL"]
[SourceTitle "playchess.com"]
[Source "ChessBase"]
[SourceQuality "1"]

{[%evp 21,110,0,0,0,22,-2,2,0,12,6,47,40,43,32,70,62,55,54,126,39,41,40,45,60,64,0,0,-35,6,2,2,2,2,2,6,0,6,6,6,6,8,-84,0,0,0,-148,0,0,5,-44,-41,-34,-50,-32,-16,-5,-14,-27,0,-77,-77,-166,-112,-111,-115,-142,-140,-240,-232,-248,-261,-831,-797,-709,-372,-372,-372,-362,-366,-547,-531,-594,-565,-889,-879,-793,-816,-988,-959,-949,-911]} 1. e4 e5 2. Nf3 Nc6 3. Nc3 Nf6 4. Bb5 Bc5 5. O-O O-O 6. Nxe5 Nxe5 7. d4 Bd6 8. f4 Nc6 {[%cal Be5c6,Bc6b4,Bb4d5,Bd5c3][%mdl 32] C48: Vierspringerspiel (Rubinstein-Variante)} 9. e5 Be7 10. exf6 Bxf6 11. d5 Nb4 {LiveBook: 11 Partien} 12. d6 $146 ({Vorgänger:} 12. Ne4 c6 13. Nxf6+ Qxf6 14. Bc4 b5 15. Bb3 Nxd5 16. Bxd5 cxd5 {½-½ (30) Zatonskih,A (2449)-Zhukova,N (2475) Baku 2016}) 12... c6 13. Be2 Re8 14. Bf3 b6 15. a3 Bxc3 16. bxc3 {[%cal Bb2c3,Bc3c4][%mdl 32]} Nd5 17. c4 $1 {[%cal Rc4d5]} Nc3 18. Qd4 $1 Na4 19. f5 Ba6 ({Besser ist} 19... Bb7 $14) 20. Bf4 (20. Bh5 $16) 20... Qh4 $1 $14 21. g3 Qf6 $1 {[%cal Rf6d4]} 22. Qxf6 gxf6 23. Bh6 (23. Rfe1 $14) 23... Bxc4 $11 24. Rfd1 b5 (24... Bd5 $5 25. Bxd5 cxd5 $15) 25. Rd4 Kh8 26. Rg4 Rg8 27. Rxg8+ Kxg8 28. Re1 Nb6 29. Re4 Kh8 {Mit der Idee ...Ld5.} 30. Re7 Rd8 $1 31. Bh5 (31. Be3 $11) 31... Kg8 (31... Nc8 $17 32. Bxf7 Nxd6 33. Bxc4 Nxf5 34. Bg7+ Nxg7) 32. Re4 {Droht Matt per Tg4+.} Kh8 33. Re7 (33. Be3 $11 Bd5 34. Re7) 33... Kg8 $2 (33... Nc8 $17 34. Bxf7 Nxd6 35. Bxc4 Nxf5 36. Bg7+ Nxg7) 34. Re4 {Weiss droht Tg4+ und Matt.} Kh8 35. Bd2 Bd5 $1 {[%cal Rd5e4]} 36. Re1 Nc4 37. Bb4 Kg7 38. Re7 a5 $36 {[%mdl 2048] Schwarz hat Initiative.} 39. Bc5 {[#]} b4 $1 {[%mdl 512]} 40. a4 (40. axb4 $11 a4 41. Be2) 40... Ne5 $17 41. Bb6 (41. Bd4 $17 {ist wohl besser.}) 41... Rb8 (41... Rf8 $1 $19 42. Be2 c5 $1 {[%mdl 512]}) 42. Bd4 Rb7 43. Kf2 {[#]} Nc4 $1 44. Bc5 {[#]} (44. Be2 $17 {ist eine bessere Verteidigung.}) 44... Nb2 $1 $19 45. Be2 Nxa4 46. Ba6 $2 (46. Bd4) 46... Nxc5 47. Bxb7 Nxb7 48. Rxd7 Nc5 49. Re7 {beabsichtigt d7.} Kf8 50. Ke3 {[#]} (50. Ra7 $142 Ne4+ 51. Ke2 Nxd6 52. Rxa5) 50... Ne4 $1 {Schwarz steht klar auf Gewinn.} 51. Rd7 {[#] Schwarz muss nun Td8+ beachten.} (51. Rxe4 Bxe4) 51... Nxd6 $1 52. Rd8+ (52. Rxd6 Ke7) 52... Ke7 53. Ra8 Nxf5+ 54. Kd3 Nd6 55. Rxa5 Be4+ {Precision: Weiß = 40%, Schwarz = 56%.} 0-1

[Event "7th Holuj Radzikowska 2017"]
[Site "Wroclaw"]
[Date "2017.12.04"]
[Round "7"]
[White "Bulmaga, Irina"]
[Black "Szczepkowska, Karina"]
[Result "1/2-1/2"]
[WhiteElo "2427"]
[BlackElo "2419"]
[Annotator "TA"]
[PlyCount "104"]
[EventDate "2017.??.??"]
[EventType "swiss"]
[EventCountry "POL"]
[SourceTitle "playchess.com"]
[Source "ChessBase"]
[SourceQuality "1"]

{[%evp 22,104,17,12,56,50,46,51,72,78,62,75,99,105,110,110,103,106,127,127,127,116,122,124,122,145,158,160,135,88,138,33,31,32,32,34,37,12,61,63,65,52,60,0,64,58,64,42,38,33,49,29,47,41,42,39,41,32,35,33,31,27,31,31,34,31,32,23,24,24,19,0,0,0,25,0,0,0,7,0,22,0,0,0,0]} 1. e4 e5 2. Nf3 Nc6 3. Bc4 Nf6 4. d3 Be7 5. O-O O-O 6. Re1 d6 7. a4 Na5 8. Ba2 {C55: Zweispringerspiel} c5 9. c3 Nc6 10. Na3 h6 (10... a6 11. Bd2 Rb8 12. Nc2 Be6 13. Bxe6 fxe6 14. b4 b5 15. Qe2 Qd7 {½-½ (54) Duda,J (2707)-Naiditsch,A (2710) Linares 2017}) 11. Nc4 Be6 12. Bd2 {LiveBook: 9 Partien} Qd7 13. b4 cxb4 14. cxb4 {[%cal Bc3b4,Bb4b5][%mdl 32]} Bd8 $146 ({Vorgänger:} 14... Bg4 15. Ne3 Bh5 {1-0 (36) Kosteniuk,A (2552)-Szczepkowska,K (2406) Monaco 2017}) 15. b5 Ne7 16. d4 exd4 {[#]} 17. Nxd6 $1 {[%mdl 512]} Bxa2 (17... Qxd6 18. e5) 18. Rxa2 Qxd6 19. e5 Qd5 20. exf6 Qxa2 21. fxe7 Re8 22. exd8=Q Rexd8 23. h3 a6 {[#]} 24. b6 $1 a5 25. Re5 d3 26. Rxa5 (26. Re7 $16) 26... Rxa5 $14 27. Bxa5 Qc2 28. Qa1 {Schwarz muss nun Ld2 beachten.} Ra8 29. Bd2 {Und a5 würde nun gewinnen.} Rxa4 30. Qe5 {Droht Db8+ und aus.} Qc6 $1 31. Nd4 Qd7 $1 32. Nf3 (32. Nf5 $5 {[%cal Re5g7]} f6 33. Nxh6+ gxh6 34. Qxf6 $16) 32... Qc6 33. Be3 Re4 34. Qb8+ Re8 35. Qg3 Rd8 36. Kh2 Kf8 37. Qf4 Kg8 38. Nd2 Qd5 39. Qc7 f5 40. h4 Rf8 41. Nf3 {Droht stark Ld4.} Rf7 42. Qf4 Re7 43. Qb8+ Kh7 44. Qc8 Re4 45. Qf8 Rc4 46. Qe7 Re4 47. Qf8 Rc4 48. Qe7 Re4 {Die Stellung ist ausgeglichen.} 49. Qc7 Rc4 $132 {[%mdl 2048] Schwarz has counterplay} 50. Qb8 Re4 51. Qc7 Rc4 52. Qb8 Re4 {Precision: Weiß = 58%, Schwarz = 68%.} 1/2-1/2